| 000 | 00332nam a22001337a 4500 | ||
|---|---|---|---|
| 003 | OSt | ||
| 005 | 20160727222423.0 | ||
| 008 | 160629b xxu||||| |||| 00| 0 eng d | ||
| 040 | _cTEST | ||
| 100 |
_91326 _aSharma, R.C |
||
| 245 | _aEnglish Conversation for Beginners | ||
| 300 | _aEnglish Conversation for Beginners | ||
| 942 |
_2ddc _cBK |
||
| 999 |
_c1084 _d1084 |
||